<?xml version="1.0" encoding="UTF-8"?>
<record
    xmlns:xsi="http://www.w3.org/2001/XMLSchema-instance"
    xsi:schemaLocation="http://www.loc.gov/MARC21/slim http://www.loc.gov/standards/marcxml/schema/MARC21slim.xsd"
    xmlns="http://www.loc.gov/MARC21/slim">

  <leader>00795nam a2200229Ia 4500</leader>
  <controlfield tag="001">7016</controlfield>
  <controlfield tag="003">GE_BSU</controlfield>
  <controlfield tag="008">181216s||||||||xx |||||||||||||| ||und||</controlfield>
  <datafield tag="040" ind1=" " ind2=" ">
    <subfield code="c">GE_BSU</subfield>
  </datafield>
  <datafield tag="080" ind1=" " ind2=" ">
    <subfield code="a">624.075.22(07)</subfield>
  </datafield>
  <datafield tag="100" ind1=" " ind2=" ">
    <subfield code="a">&#x411;&#x435;&#x437;&#x443;&#x445;&#x43E;&#x432;,&#x41D;.&#x418;. &#x41B;&#x443;&#x436;&#x438;&#x43D;,&#x41E;.&#x412;. &#x41A;&#x43E;&#x43B;&#x43A;&#x443;&#x43D;&#x43E;&#x432;,&#x41D;.&#x412;.</subfield>
  </datafield>
  <datafield tag="245" ind1=" " ind2=" ">
    <subfield code="a">&#x423;&#x441;&#x442;&#x43E;&#x438;&#x447;&#x438;&#x432;&#x43E;&#x441;&#x442;&#x44C; &#x438; &#x434;&#x438;&#x43D;&#x430;&#x43C;&#x438;&#x43A;&#x430; &#x441;&#x43E;&#x43E;&#x440;&#x443;&#x436;&#x435;&#x43D;&#x438;&#x439; &#x432; &#x43F;&#x440;&#x438;&#x43C;&#x435;&#x440;&#x430;&#x445; &#x438; &#x437;&#x430;&#x434;&#x430;&#x447;&#x430;&#x445;.</subfield>
  </datafield>
  <datafield tag="245" ind1=" " ind2=" ">
    <subfield code="c">&#x420;&#x435;&#x434;.&#x438;&#x437;&#x434;-&#x432;&#x430; &#x42D;.&#x41C;.&#x41E;&#x441;&#x438;&#x43F;&#x43E;&#x432;&#x430;.</subfield>
  </datafield>
  <datafield tag="250" ind1=" " ind2=" ">
    <subfield code="a">&#x418;&#x437;&#x434; 2-&#x43E;&#x435;, &#x43F;&#x435;&#x440;&#x435;&#x440;&#x430;&#x431;. &#x438; &#x434;&#x43E;&#x43F;.</subfield>
  </datafield>
  <datafield tag="260" ind1=" " ind2=" ">
    <subfield code="a">&#x41C;.</subfield>
  </datafield>
  <datafield tag="260" ind1=" " ind2=" ">
    <subfield code="b">&#x421;&#x442;&#x440;&#x43E;&#x439;&#x438;&#x437;&#x434;&#x430;&#x442;.</subfield>
  </datafield>
  <datafield tag="260" ind1=" " ind2=" ">
    <subfield code="c">1969.</subfield>
  </datafield>
  <datafield tag="300" ind1=" " ind2=" ">
    <subfield code="a">423&#x441;&#x442;&#x440;. 26&#x441;&#x43C;.</subfield>
  </datafield>
  <datafield tag="300" ind1=" " ind2=" ">
    <subfield code="e">&#x442;&#x430;&#x431;&#x43B;.</subfield>
  </datafield>
  <datafield tag="653" ind1=" " ind2=" ">
    <subfield code="a">&#x423;&#x441;&#x442;&#x43E;&#x438;&#x447;&#x438;&#x432;&#x43E;&#x441;&#x442;&#x44C; &#x438; &#x434;&#x438;&#x43D;&#x430;&#x43C;&#x438;&#x43A;&#x430; &#x441;&#x43E;&#x43E;&#x440;&#x443;&#x436;&#x435;&#x43D;&#x438;&#x439; &#x432; &#x43F;&#x440;&#x438;&#x43C;&#x435;&#x440;&#x430;&#x445; &#x438; &#x437;&#x430;&#x434;&#x430;&#x447;&#x430;&#x445;.</subfield>
  </datafield>
  <datafield tag="942" ind1=" " ind2=" ">
    <subfield code="c">BK</subfield>
  </datafield>
  <datafield tag="999" ind1=" " ind2=" ">
    <subfield code="c">40408</subfield>
    <subfield code="d">40408</subfield>
  </datafield>
  <datafield tag="952" ind1=" " ind2=" ">
    <subfield code="0">0</subfield>
    <subfield code="1">0</subfield>
    <subfield code="4">0</subfield>
    <subfield code="7">0</subfield>
    <subfield code="9">45066</subfield>
    <subfield code="d">2018-12-17</subfield>
    <subfield code="p">10024</subfield>
    <subfield code="r">2018-12-17</subfield>
    <subfield code="w">2018-12-17</subfield>
    <subfield code="y">BK</subfield>
  </datafield>
</record>
